| 000 | 01379nac a22003737a 4500 | ||
|---|---|---|---|
| 001 | BR8300111 | ||
| 003 | BR-BrBNA | ||
| 005 | 20240105115607.0 | ||
| 008 | 230509b bl.|||m| |||| 00| 0 por d | ||
| 040 |
_aBR-BrBNA _bpor _cBiblioteca Nacional de Agricultura |
||
| 072 | _aL30; L10; L72 | ||
| 090 | _a5240 BR8300111 | ||
| 100 | 1 | _aGuimaraes Filho, C. | |
| 100 | 1 | _aMaia, A.M. | |
| 100 | 1 | _aPadilha, T.N. | |
| 100 | 1 | _aAlbuquerque, S.G. | |
| 100 | 1 | _aFigueiredo, E.A.P. | |
| 110 | 1 | _aCentro de Pesquisa Agropecuaria do Tropico Semi-Arido, Petrolina, PE (Brasil) | |
| 245 | 1 | _aEfeito da suplementacao volumosa e mineralizacao mais vermifugacao no desempenho de ovinos e caprinos, 1: performance reprodutiva | |
| 246 | 1 | _aEffect of roughage supplementation and mineral mixture plus deworming on sheep and goat production, 1: reproductive performance | |
| 260 | 3 |
_aPetrolina, PE (Brasil): _c1982. |
|
| 300 | _a29 p. | ||
| 490 |
_aBoletim de Pesquisa - Centro de Pesquisa Agropecuaria do Tropico Semi-Arido (Brazil) _vno. 16 _xISSN 0100-8951 |
||
| 500 | _a6 tables; 31 ref.; Summaries (En, Pt) | ||
| 650 | _aOVINO | ||
| 650 | _aCAPRINO | ||
| 650 | _aSUPLEMENTO MINERAL | ||
| 650 | _aVOLUMOSOS | ||
| 650 | _aVERMIFUGO | ||
| 650 | _aPERFORMANCE | ||
| 650 | _aREPRODUCAO ANIMAL | ||
| 909 |
_a202312 _bLúcia Elande _c55 _dLúcia Elande |
||
| 942 |
_2AGRIS _n0 _cMS |
||
| 999 |
_c275478 _d275478 |
||